| 000 | 00335nam a22001097a 4500 | ||
|---|---|---|---|
| 008 | 230822b |||||||| |||| 00| 0 eng d | ||
| 022 | _a0257-8034 | ||
| 040 |
_aNational Science Library _cNational Science Library |
||
| 245 | _aFertiliser marketing news | ||
| 260 |
_aNew Delhi: _bThe Fertiliser Association of India, _c2010 |
||
| 942 | _cCR | ||
| 999 |
_c59211 _d59211 |
||